000
00279nam a2200097Ia 4500
082
_a
J 611.71 BALL
245
0
_a
Bones : injury, illness, and health
100
_a
BALLARD, Carol Chicago, Ill., [c.2009]
_9
95133
942
_c
BK
008
210817s9999 xx 000 0 und d
999
_c
393298
_d
393297